Films by Picture #2 - Statistics

General Stats
  • This quiz has been taken 345 times
  • The average score is 6 of 15
Answer Stats
Picture Answer % Correct
The Lion King
98%
Gladiator
86%
Taxi Driver
76%
The Birds
70%
The Matrix
68%
The Social Network
62%
Amadeus
44%
Raging Bull
43%
Seven Samurai
24%
Trainspotting
23%
Vertigo
15%
The Hitcher
11%
Schindlers List
8%
Heat
4%
The Shining
2%
No matching quizzes found
Score Distribution
Percent of People with Each Score
Percentile by Number Answered
Your Score History
You have not taken this quiz